Statistics for Tampa, Florida Quiz

Click here to take the quiz!

General Stats

  • This quiz has been taken 158 times
    (140 since last reset)
  • The average score is 9 of 18

Answer Stats

Hint Answer % Correct
Biggest Amusement ParkBusch Gardens: Tampa Bay
85%
Metro rank in Florida2
77%
City rank in Florida3
76%
Whats the second largest city in the Tampa Metro AreaSt. Petersburg
68%
Whats the name of the stadium the Bucaneers play inRaymond James Stadium
64%
Third largest cityClearwater
60%
Name of the Tampa ZooLowry Park Zoo
60%
River that runs through TampaHillsborough River
57%
Initials for the Tampa International AirportTPA
57%
What wrestler form TampaHulk Hogan
48%
What was Tampa's main industryCigars
45%
Annual fair held in TampaFlorida State Fair
44%
Metro areas U.S. rank17
36%
Longest bridge that goes across Tampa BaySunshine Skyway
34%
Name of the highway that goes to the airportVeterans Expressway
22%
Greater Tampa Bays population to closest million4,000,000
14%
City rank in the U.S.53
12%
Tallest building in the cityRegions Building
6%

Score Distribution

Percentile by Number Answered

Percent of People with Each Score

Your Score History

You have not taken this quiz since the last reset